[Event "SVK-chT3A2 2223"]
[Site "Slovakia"]
[Date "2023.03.05"]
[Round "8.3"]
[White "Slamena, Michal"]
[Black "Nemeckay, Rastislav"]
[Result "1/2-1/2"]
[WhiteElo "2053"]
[BlackElo "1917"]
[PlyCount "93"]
[EventDate "2022.10.16"]
[EventType "team-tourn"]
[EventRounds "9"]
[EventCountry "SVK"]
[SourceTitle "EXT 2024"]
[Source "ChessBase"]
[SourceDate "2023.10.10"]
[SourceVersion "1"]
[SourceVersionDate "2023.10.10"]
[SourceQuality "1"]
[WhiteTeam "Hlohovec"]
[BlackTeam "Senica CVC"]
[WhiteTeamCountry "SVK"]
[BlackTeamCountry "SVK"]

1. e4 e5 2. Nf3 Nc6 3. Bb5 a6 4. Ba4 Nf6 5. 0-0 b5 6. Bb3 Be7 7. d4 d6 8. a4 Bg4 9. c3 0-0 10. Re1 Na5 11. Bc2 c5 12. dxe5 Bxf3 13. Qxf3 dxe5 14. Nd2 Qc7 15. Nf1 Nc4 16. b3 Nb6 17. axb5 axb5 18. Be3 Rxa1 19. Rxa1 Ra8 20. Rxa8+ Nxa8 21. g4 Qd7 22. h3 Nc7 23. Ng3 Ne6 24. g5 Ne8 25. h4 g6 26. Qg4 Nf8 27. Qxd7 Nxd7 28. f4 exf4 29. Bxf4 Bd6 30. Ne2 Bxf4 31. Nxf4 Ne5 32. Kf2 h6 33. gxh6 Kh7 34. Bd1 Kxh6 35. Nd5 g5 36. hxg5+ Kxg5 37. Ke3 Nd6 38. Be2 f5 39. exf5 Kxf5 40. Nc7 b4 41. cxb4 cxb4 42. Na6 Nc6 43. Bf3 Na5 44. Bd5 Ke5 45. Nxb4 Nf5+ 46. Kd3 Nd4 47. Kc3 1/2-1/2

[Event "SVK-chT2A 2223"]
[Site "Slovakia"]
[Date "2022.11.27"]
[Round "6.4"]
[White "Nemeckay, Rastislav"]
[Black "Bincik, Pavol"]
[Result "1/2-1/2"]
[WhiteElo "1917"]
[BlackElo "1918"]
[PlyCount "22"]
[EventDate "2022.10.08"]
[EventType "team-tourn"]
[EventRounds "11"]
[EventCountry "SVK"]
[SourceTitle "EXT 2024"]
[Source "ChessBase"]
[SourceDate "2023.10.10"]
[SourceVersion "1"]
[SourceVersionDate "2023.10.10"]
[SourceQuality "1"]
[WhiteTeam "Osuske II"]
[BlackTeam "Piestany Kupele"]
[WhiteTeamCountry "SVK"]
[BlackTeamCountry "SVK"]

1. e4 c6 2. d4 d5 3. Nc3 dxe4 4. Nxe4 Nf6 5. Nxf6+ exf6 6. Nf3 Bd6 7. Bd3 Bg4 8. h3 Bh5 9. Qe2+ Qe7 10. Qxe7+ Bxe7 11. Bf4 Nd7 1/2-1/2

[Event "SVK-chT2A 2122"]
[Site "Slovakia"]
[Date "2022.04.30"]
[Round "10.2"]
[White "Nemeckay, Rastislav"]
[Black "Liptak, Tomas"]
[Result "0-1"]
[WhiteElo "1903"]
[BlackElo "2223"]
[PlyCount "66"]
[EventDate "2021.10.16"]
[EventType "team-tourn"]
[EventRounds "11"]
[EventCountry "SVK"]
[SourceTitle "EXT 2023"]
[Source "ChessBase"]
[SourceDate "2022.10.05"]
[SourceVersion "1"]
[SourceVersionDate "2022.10.05"]
[SourceQuality "1"]
[WhiteTeam "Osuske II"]
[BlackTeam "Cífer"]
[WhiteTeamCountry "SVK"]
[BlackTeamCountry "SVK"]

1. e4 c5 2. Nf3 d6 3. d4 cxd4 4. Nxd4 Nf6 5. Nc3 a6 6. a4 b6 7. g3 e5 8. Nde2 Bb7 9. Bg2 Nbd7 10. 0-0 Qc7 11. Bg5 Rc8 12. Qd2 Be7 13. Rfc1 h6 14. Bxf6 Nxf6 15. Nd5 Nxd5 16. exd5 0-0 17. c4 Bg5 18. f4 exf4 19. Nxf4 Qc5+ 20. Kh1 a5 21. b3 Rce8 22. Re1 Bc8 23. Rxe8 Rxe8 24. Re1 Re5 25. h4 Bf6 26. Be4 Bg4 27. Bc2 Kf8 28. Rxe5 Bxe5 29. Nd3 Qd4 30. Qf2 Qe4+ 31. Kh2 Bd4 32. Qe1 Qf3 33. Qd2 Qf1 0-1

[Event "SVK-chT4 A21 2122"]
[Site "Slovakia"]
[Date "2022.03.27"]
[Round "11.1"]
[White "Nemeckay, Rastislav"]
[Black "Jancovicova, Petra"]
[Result "0-1"]
[WhiteElo "1908"]
[BlackElo "1672"]
[PlyCount "50"]
[EventDate "2021.10.17"]
[EventType "team-tourn"]
[EventRounds "11"]
[EventCountry "SVK"]
[SourceTitle "EXT 2024"]
[Source "ChessBase"]
[SourceDate "2023.10.10"]
[SourceVersion "1"]
[SourceVersionDate "2023.10.10"]
[SourceQuality "1"]
[WhiteTeam "Borsky Mikulas"]
[BlackTeam "Vrbove II"]
[WhiteTeamCountry "SVK"]
[BlackTeamCountry "SVK"]

1. e4 c5 2. Nf3 d6 3. d4 cxd4 4. Nxd4 Nf6 5. Nc3 a6 6. g3 e5 7. Nb3 Be6 8. Bg2 Be7 9. 0-0 Nbd7 10. h3 Nb6 11. Bg5 Nc4 12. Rb1 Rc8 13. Bxf6 Bxf6 14. Nd5 Bg5 15. Qd3 0-0 16. Kh2 b5 17. f4 Bxd5 18. fxg5 Be6 19. h4 Qb6 20. Rfe1 f5 21. Nd2 f4 22. gxf4 Rxf4 23. Nf3 Bg4 24. Kg3 Rcf8 25. Re2 Bxf3 0-1

[Event "SVK-chT4 A21 2122"]
[Site "Slovakia"]
[Date "2021.11.14"]
[Round "3.1"]
[White "Orvisky, Vladimir"]
[Black "Nemeckay, Rastislav"]
[Result "0-1"]
[WhiteElo "1675"]
[BlackElo "1908"]
[PlyCount "44"]
[EventDate "2021.10.17"]
[EventType "team-tourn"]
[EventRounds "11"]
[EventCountry "SVK"]
[SourceTitle "EXT 2023"]
[Source "ChessBase"]
[SourceDate "2022.10.05"]
[SourceVersion "1"]
[SourceVersionDate "2022.10.05"]
[SourceQuality "1"]
[WhiteTeam "Piestany Kupele III"]
[BlackTeam "Borsky Mikulas"]
[WhiteTeamCountry "SVK"]
[BlackTeamCountry "SVK"]

1. c4 c6 2. d4 d5 3. Nc3 Nf6 4. Nf3 e6 5. e3 Nbd7 6. Be2 a6 7. a4 b5 8. a5 Qc7 9. Qc2 e5 10. dxe5 Nxe5 11. Nxe5 Qxe5 12. 0-0 Bf5 13. Bd3 Bxd3 14. Qxd3 Bc5 15. Qc2 Rc8 16. Bd2 0-0 17. Rac1 Ba7 18. Ne2 Ne4 19. Bb4 Rfe8 20. Ba3 Bb8 21. Bd6 Bxd6 22. f3 Qxh2# 0-1

[Event "SVK-chT4 A21 2122"]
[Site "Slovakia"]
[Date "2021.10.31"]
[Round "2.1"]
[White "Nemeckay, Rastislav"]
[Black "Kanka, Tomas"]
[Result "1-0"]
[WhiteElo "1908"]
[BlackElo "1711"]
[PlyCount "69"]
[EventDate "2021.10.17"]
[EventType "team-tourn"]
[EventRounds "11"]
[EventCountry "SVK"]
[SourceTitle "EXT 2023"]
[Source "ChessBase"]
[SourceDate "2022.10.05"]
[SourceVersion "1"]
[SourceVersionDate "2022.10.05"]
[SourceQuality "1"]
[WhiteTeam "Borsky Mikulas"]
[BlackTeam "Gbely Nafta II"]
[WhiteTeamCountry "SVK"]
[BlackTeamCountry "SVK"]

1. e4 e5 2. Nf3 Nf6 3. Nxe5 Nc6 4. Nxc6 dxc6 5. d4 Nxe4 6. Bc4 Be7 7. 0-0 0-0 8. Re1 Nd6 9. Bd3 Bf5 10. Bf4 Bg6 11. Bxg6 hxg6 12. Nd2 Nf5 13. c3 Bd6 14. Qg4 Re8 15. Nf3 Bxf4 16. Qxf4 Qd6 17. Qg4 Nh6 18. Qg5 Qf6 19. Kf1 Qxg5 20. Nxg5 Ng4 21. h3 Nf6 22. f3 Rxe1+ 23. Rxe1 Kf8 24. Ne4 Re8 25. Nxf6 Rxe1+ 26. Kxe1 gxf6 27. Kf2 Ke7 28. Ke3 Ke6 29. h4 f5 30. Kf4 Kf6 31. g3 a5 32. a4 b5 33. b3 bxa4 34. bxa4 Kg7 35. Ke5 1-0

[Event "Skalica Masters op"]
[Site "Skalica"]
[Date "2020.08.29"]
[Round "8"]
[White "Provaznik, Michal"]
[Black "Nemeckay, Rastislav"]
[Result "1-0"]
[WhiteElo "2164"]
[BlackElo "1918"]
[PlyCount "69"]
[EventDate "2020.08.23"]
[EventType "swiss"]
[EventRounds "9"]
[EventCountry "SVK"]
[SourceTitle "CBM 198 Extra"]
[Source "ChessBase"]
[SourceDate "2020.11.30"]
[SourceVersion "1"]
[SourceVersionDate "2020.11.30"]
[SourceQuality "1"]

1. d4 d5 2. Nf3 Nf6 3. c4 c6 4. g3 g6 5. Bg2 Bg7 6. 0-0 Ne4 7. Nc3 f5 8. Bf4 e6 9. Be5 0-0 10. Bxg7 Kxg7 11. Qc2 Nd7 12. b4 Ndf6 13. Ne5 Qb6 14. Nxe4 fxe4 15. Qc3 Nd7 16. c5 Qc7 17. f4 Nxe5 18. fxe5 Bd7 19. Qe3 Qd8 20. g4 Qe7 21. g5 Rxf1+ 22. Rxf1 Rf8 23. Rf6 Rh8 24. Bh3 a6 25. Bg4 Ra8 26. Qh3 Re8 27. Qh6+ Kg8 28. Qh3 Kg7 29. Qa3 Qd8 30. h4 Bc8 31. Qh3 Qe7 32. h5 gxh5 33. Qxh5 Rf8 34. Qh6+ Kg8 35. g6 1-0

[Event "Skalica Masters op"]
[Site "Skalica"]
[Date "2020.08.28"]
[Round "7"]
[White "Nemeckay, Rastislav"]
[Black "Pniaczek, Marek"]
[Result "1/2-1/2"]
[WhiteElo "1918"]
[BlackElo "2145"]
[PlyCount "42"]
[EventDate "2020.08.23"]
[EventType "swiss"]
[EventRounds "9"]
[EventCountry "SVK"]
[SourceTitle "CBM 198 Extra"]
[Source "ChessBase"]
[SourceDate "2020.11.30"]
[SourceVersion "1"]
[SourceVersionDate "2020.11.30"]
[SourceQuality "1"]

1. e4 c5 2. Nf3 e6 3. d4 cxd4 4. Nxd4 Nc6 5. c4 Nf6 6. Nxc6 bxc6 7. Bd3 e5 8. 0-0 Bc5 9. Qe2 Rb8 10. Nc3 d6 11. Kh1 Ng4 12. g3 h5 13. h4 Qd7 14. f3 Nh6 15. Nd1 Ba6 16. Kg2 f6 17. b3 Bd4 18. Rb1 Ke7 19. c5 Bxd3 20. cxd6+ Qxd6 21. Qxd3 Nf7 1/2-1/2

[Event "Skalica Masters op"]
[Site "Skalica"]
[Date "2020.08.27"]
[Round "6"]
[White "Kersten, Julian"]
[Black "Nemeckay, Rastislav"]
[Result "0-1"]
[WhiteElo "1969"]
[BlackElo "1918"]
[PlyCount "48"]
[EventDate "2020.08.23"]
[EventType "swiss"]
[EventRounds "9"]
[EventCountry "SVK"]
[SourceTitle "CBM 198 Extra"]
[Source "ChessBase"]
[SourceDate "2020.11.30"]
[SourceVersion "1"]
[SourceVersionDate "2020.11.30"]
[SourceQuality "1"]

1. e4 e5 2. Nf3 Nc6 3. Nc3 Nf6 4. Bb5 Nd4 5. Ba4 Nxf3+ 6. Qxf3 c6 7. 0-0 d6 8. d3 Be7 9. h3 0-0 10. Ne2 b5 11. Bb3 Be6 12. Ng3 Ne8 13. Nf5 Bg5 14. Bxg5 Qxg5 15. h4 Qd8 16. g3 g6 17. Ne3 Ng7 18. Kg2 Qd7 19. Rh1 f5 20. Bxe6+ Nxe6 21. exf5 Nd4 22. Qg4 Nxf5 23. Qg5 Nxe3+ 24. fxe3 Rf5 0-1

[Event "Skalica Masters op"]
[Site "Skalica"]
[Date "2020.08.23"]
[Round "1"]
[White "Kantorik, Marian"]
[Black "Nemeckay, Rastislav"]
[Result "1-0"]
[WhiteElo "2211"]
[BlackElo "1918"]
[PlyCount "29"]
[EventDate "2020.08.23"]
[EventType "swiss"]
[EventRounds "9"]
[EventCountry "SVK"]
[SourceTitle "CBM 198 Extra"]
[Source "ChessBase"]
[SourceDate "2020.11.30"]
[SourceVersion "1"]
[SourceVersionDate "2020.11.30"]
[SourceQuality "1"]

1. d4 d5 2. c4 c6 3. Nc3 Nf6 4. Nf3 e6 5. e3 Nbd7 6. Qc2 a6 7. b3 b5 8. Bd3 Bb7 9. 0-0 bxc4 10. bxc4 c5 11. cxd5 Nxd5 12. Nxd5 Bxd5 13. e4 Bb7 14. Rb1 Rb8 15. Bf4 1-0

[Event "SVK-chT2A 1920"]
[Site "Slovakia"]
[Date "2020.02.16"]
[Round "9.5"]
[White "Nemeckay, Rastislav"]
[Black "Bednar, Jan"]
[Result "1-0"]
[WhiteElo "1929"]
[BlackElo "2032"]
[PlyCount "153"]
[EventDate "2019.10.26"]
[EventType "team-tourn"]
[EventRounds "11"]
[EventCountry "SVK"]
[SourceTitle "CBM 195 Extra"]
[Source "ChessBase"]
[SourceDate "2020.05.31"]
[SourceVersion "1"]
[SourceVersionDate "2020.05.31"]
[SourceQuality "1"]
[WhiteTeam "Osuske II"]
[BlackTeam "Bratislava Doprastav II"]
[WhiteTeamCountry "SVK"]
[BlackTeamCountry "SVK"]

1. e4 c5 2. Nf3 d6 3. Bb5+ Bd7 4. Qe2 Nc6 5. c3 Rc8 6. 0-0 g6 7. d4 cxd4 8. cxd4 Bg7 9. Be3 Nf6 10. Nc3 a6 11. Bxc6 Bxc6 12. d5 Bd7 13. Bd4 0-0 14. a4 Nh5 15. Qe3 e5 16. dxe6 fxe6 17. Bxg7 Nxg7 18. Rfd1 Qe7 19. Rd2 Ne8 20. Rad1 Qg7 21. Qd4 Bc6 22. Qxg7+ Kxg7 23. Nd4 Bd7 24. f3 Rf7 25. Nc2 g5 26. h3 Kg6 27. Kf2 h5 28. Ne3 Rc6 29. Rd4 Rb6 30. Nc4 Rb4 31. Ne5+ dxe5 32. Rxb4 Bc6 33. Rd2 Nf6 34. Ke3 g4 35. hxg4 hxg4 36. Rd6 Re7 37. Ne2 Ne8 38. Rd8 Kg5 39. fxg4 Nf6 40. Nc3 Nxg4+ 41. Ke2 Rf7 42. Nd1 Rf4 43. g3 Rf7 44. Rc4 Nf6 45. Nf2 Nh5 46. Rg8+ Kh6 47. b3 Kh7 48. Rg4 Rc7 49. Ke3 Rf7 50. Rc5 Rg7 51. Rxg7+ Kxg7 52. Kf3 Nf6 53. Rxe5 Kf7 54. Rc5 Nd7 55. Rc3 Ne5+ 56. Kf4 Ng6+ 57. Ke3 e5 58. Nd3 Ke6 59. Rc1 Nf8 60. Rh1 Nd7 61. Nb4 Nc5 62. Nxc6 bxc6 63. Rc1 Kd6 64. Rc3 a5 65. g4 Ne6 66. Rc4 c5 67. Kf2 Ke7 68. Kg3 Kf6 69. Kh4 Kg6 70. Rc3 Kh6 71. Rf3 Kg6 72. Rf5 Nd4 73. Kg3 Nxb3 74. Rxe5 c4 75. Rh5 Nd2 76. Kf4 c3 77. Rc5 1-0

[Event "SVK-chT5 SE-SI 1920"]
[Site "Slovakia"]
[Date "2020.02.01"]
[Round "6.1"]
[White "Svrcek, Daniel"]
[Black "Nemeckay, Rastislav"]
[Result "1/2-1/2"]
[WhiteElo "1442"]
[BlackElo "1927"]
[PlyCount "45"]
[EventDate "2019.10.19"]
[EventType "team-tourn"]
[EventRounds "14"]
[EventCountry "SVK"]
[SourceTitle "CBM 194 Extra"]
[Source "ChessBase"]
[SourceDate "2020.03.31"]
[SourceVersion "1"]
[SourceVersionDate "2020.03.31"]
[SourceQuality "1"]
[WhiteTeam "Holic III"]
[BlackTeam "Borsky Mikulas"]
[WhiteTeamCountry "SVK"]
[BlackTeamCountry "SVK"]

1. e4 e5 2. Nf3 Nc6 3. Bb5 Nge7 4. c3 d6 5. h3 g6 6. d4 Bd7 7. 0-0 Bg7 8. Be3 0-0 9. Bc4 h6 10. d5 Nb8 11. Bd3 f5 12. exf5 Nxf5 13. Nbd2 Be8 14. b3 Nd7 15. Ne4 Nf6 16. c4 Nxe4 17. Bxe4 b6 18. a4 a5 19. Qd2 Kh7 20. Rae1 Qf6 21. Nh2 h5 22. Bg5 Qf7 23. Nf3 1/2-1/2

[Event "Skalica op"]
[Site "Skalica"]
[Date "2020.01.11"]
[Round "3"]
[White "Kapolkova, Greta"]
[Black "Nemeckay, Rastislav"]
[Result "0-1"]
[WhiteElo "1493"]
[BlackElo "1936"]
[PlyCount "60"]
[EventDate "2020.01.11"]
[EventType "swiss"]
[EventRounds "9"]
[EventCountry "SVK"]
[SourceTitle "CBM 194 Extra"]
[Source "ChessBase"]
[SourceDate "2020.03.31"]
[SourceVersion "1"]
[SourceVersionDate "2020.03.31"]
[SourceQuality "1"]

1. e4 e5 2. Nf3 Nc6 3. Nc3 Nf6 4. Bb5 d6 5. d3 Be7 6. Bg5 0-0 7. 0-0 Bg4 8. h3 Bh5 9. Qe2 Nd4 10. Qe3 Nxc2 11. Qe2 Nxa1 12. Rxa1 Nd7 13. Bd2 Nc5 14. Nd1 Ne6 15. Bc4 Nd4 16. Qf1 Bxf3 17. Kh1 Bh5 18. Ne3 Kh8 19. f4 Ne2 20. Qf2 Bh4 21. g3 Bxg3 22. Qg2 exf4 23. Nf5 Qf6 24. Rf1 Qg6 25. d4 f3 26. Rxf3 Bxf3 27. Qxf3 Nxd4 28. Nxd4 Rae8 29. Nf5 Be5 30. b3 Qf6 0-1

[Event "Skalica op"]
[Site "Skalica"]
[Date "2020.01.11"]
[Round "2"]
[White "Nemeckay, Rastislav"]
[Black "Mudrak, Josef"]
[Result "1/2-1/2"]
[WhiteElo "1936"]
[BlackElo "2255"]
[PlyCount "115"]
[EventDate "2020.01.11"]
[EventType "swiss"]
[EventRounds "9"]
[EventCountry "SVK"]
[SourceTitle "CBM 194 Extra"]
[Source "ChessBase"]
[SourceDate "2020.03.31"]
[SourceVersion "1"]
[SourceVersionDate "2020.03.31"]
[SourceQuality "1"]

1. e4 c5 2. Nf3 Nc6 3. Bb5 g6 4. Bxc6 dxc6 5. 0-0 Bg7 6. Qe2 e5 7. d3 Qc7 8. Ng5 h6 9. Nf3 g5 10. b3 Ne7 11. Bb2 Ng6 12. Nc3 b6 13. Qd2 Bg4 14. Ne1 0-0-0 15. a4 a5 16. Ne2 f6 17. Ng3 Bf8 18. Qe3 Bd6 19. f3 Be6 20. Nf5 Bxf5 21. exf5 Nf4 22. g3 Nd5 23. Qe4 h5 24. Ng2 g4 25. Nh4 Qd7 26. Rae1 Ne7 27. Re2 Rhg8 28. Bc1 gxf3 29. Rxf3 Rg4 30. Qe3 Rdg8 31. Kh1 Kb7 32. Qf2 Nd5 33. Re4 Nc3 34. Rxg4 Rxg4 35. h3 Rg8 36. Qe1 Nd5 37. Qe4 Bc7 38. Bd2 Ne7 39. Kh2 Qd5 40. Kg2 Nc8 41. Ng6 Rg7 42. c4 Qd4 43. Qxd4 cxd4 44. Rf2 Nd6 45. Nh4 e4 46. Rf4 e3 47. Be1 c5 48. Rf3 Nf7 49. Ng6 Kc6 50. g4 hxg4 51. hxg4 Rh7 52. Rh3 Rxh3 53. Kxh3 Ng5+ 54. Kg2 Kd7 55. Bh4 Nh7 56. Kf3 Ke8 57. Ke4 Kd7 58. Kf3 1/2-1/2

[Event "SVK-chT4 A21 1920"]
[Site "Slovakia"]
[Date "2019.11.10"]
[Round "3.1"]
[White "Nemeckay, Rastislav"]
[Black "Musaev, Matej Elbek"]
[Result "1/2-1/2"]
[WhiteElo "1923"]
[BlackElo "1659"]
[PlyCount "114"]
[EventDate "2019.10.13"]
[EventType "team-tourn"]
[EventRounds "11"]
[EventCountry "SVK"]
[SourceTitle "CBM 193 Extra"]
[Source "ChessBase"]
[SourceDate "2020.01.31"]
[SourceVersion "1"]
[SourceVersionDate "2020.01.31"]
[SourceQuality "1"]
[WhiteTeam "Stefanov"]
[BlackTeam "Piestany Kupele III"]
[WhiteTeamCountry "SVK"]
[BlackTeamCountry "SVK"]

1. e4 c5 2. Nf3 d6 3. d4 cxd4 4. Nxd4 Nf6 5. Nc3 a6 6. a4 b6 7. g3 Bb7 8. Bg2 e6 9. 0-0 Qc7 10. f4 Be7 11. Be3 0-0 12. Qe2 Nbd7 13. f5 e5 14. Nb3 Nc5 15. Nxc5 dxc5 16. g4 h6 17. g5 hxg5 18. Bxg5 Rad8 19. Bxf6 Bxf6 20. Nd5 Bxd5 21. exd5 c4 22. c3 Bg5 23. Be4 Rd6 24. Qg4 Bf4 25. Rf3 Rh6 26. Rh3 Qc5+ 27. Kg2 Kh8 28. Rf1 b5 29. axb5 Qxb5 30. Rf2 Qb6 31. Kf1 Rg8 32. Rg2 Qf6 33. Kg1 Qb6+ 34. Kf1 Qa5 35. Rxh6+ Bxh6 36. Qd1 Qb6 37. Qf3 Rd8 38. Qe2 Rc8 39. Rf2 Qf6 40. Qh5 Kg8 41. d6 Rd8 42. Bd5 Qxd6 43. Bxf7+ Kh8 44. Qf3 Qd3+ 45. Qe2 Qh3+ 46. Rg2 Rd2 47. Qg4 Qd3+ 48. Re2 Rxe2 49. Qxe2 Qxf5+ 50. Qf2 Qh3+ 51. Qg2 Qd3+ 52. Qe2 Qf5+ 53. Qf2 Qh3+ 54. Qg2 Qxg2+ 55. Kxg2 Bc1 56. Bxc4 Bxb2 57. Bxa6 Bxc3 1/2-1/2

[Event "SVK-chT4 A21 1819"]
[Site "Slovakia"]
[Date "2019.01.20"]
[Round "7.1"]
[White "Jakubec, Milan"]
[Black "Nemeckay, Rastislav"]
[Result "1/2-1/2"]
[WhiteElo "2007"]
[BlackElo "1936"]
[PlyCount "87"]
[EventDate "2018.10.14"]
[EventType "team-tourn"]
[EventRounds "11"]
[EventCountry "SVK"]
[SourceTitle "CBM 189 Extra"]
[Source "ChessBase"]
[SourceDate "2019.06.03"]
[SourceVersion "1"]
[SourceVersionDate "2019.06.03"]
[SourceQuality "1"]
[WhiteTeam "Vrbove II"]
[BlackTeam "Stefanov"]
[WhiteTeamCountry "SVK"]
[BlackTeamCountry "SVK"]

1. e4 e5 2. Nf3 Nc6 3. Bb5 Nge7 4. d4 exd4 5. Nxd4 g6 6. Nxc6 Nxc6 7. Bxc6 bxc6 8. Qd4 f6 9. 0-0 Bg7 10. Qc4 Bb7 11. Nc3 Qe7 12. Re1 d6 13. Bf4 Qf7 14. Qb4 Bc8 15. Qa4 Bd7 16. Qb3 0-0 17. Qxf7+ Kxf7 18. Rad1 Rab8 19. b3 Rfe8 20. Be3 a6 21. f3 h6 22. Bd4 Rbd8 23. Ne2 f5 24. Bxg7 Kxg7 25. exf5 Bxf5 26. Nd4 Bd7 27. Rxe8 Rxe8 28. Kf2 Kf6 29. Re1 Rxe1 30. Kxe1 Ke5 31. Ne2 d5 32. Kd2 c5 33. g3 Bb5 34. Nf4 g5 35. Nd3+ Kd6 36. a4 Be8 37. f4 c4 38. bxc4 Bxa4 39. fxg5 hxg5 40. Nb4 dxc4 41. h4 gxh4 42. gxh4 a5 43. Na2 Ke5 44. Kc3 1/2-1/2

[Event "SVK-chT2A 1819"]
[Site "Slovakia"]
[Date "2018.12.16"]
[Round "6.7"]
[White "Nemeckay, Rastislav"]
[Black "Musaev, Matej Elbek"]
[Result "0-1"]
[WhiteElo "1949"]
[BlackElo "1754"]
[PlyCount "94"]
[EventDate "2018.10.13"]
[EventType "team-tourn"]
[EventRounds "11"]
[EventCountry "SVK"]
[SourceTitle "CBM 189 Extra"]
[Source "ChessBase"]
[SourceDate "2019.06.03"]
[SourceVersion "1"]
[SourceVersionDate "2019.06.03"]
[SourceQuality "1"]
[WhiteTeam "Osuske II"]
[BlackTeam "Piestany Kupele"]
[WhiteTeamCountry "SVK"]
[BlackTeamCountry "SVK"]

1. e4 c5 2. b3 d6 3. Bb2 e6 4. Nf3 Nf6 5. Bb5+ Nbd7 6. Qe2 a6 7. Bxd7+ Bxd7 8. e5 dxe5 9. Nxe5 Be7 10. 0-0 0-0 11. d3 Qc7 12. Nxd7 Qxd7 13. Nd2 Nd5 14. Ne4 Nf4 15. Qf3 Ng6 16. Rad1 Qc7 17. Qg3 e5 18. Qf3 Rad8 19. Ng3 Rfe8 20. Rfe1 b5 21. Nf5 Bf6 22. Qe4 h6 23. Bc1 Re6 24. Qg4 Kh8 25. Re4 Ne7 26. Ng3 Rd4 27. Rde1 Qa5 28. Qh5 Kg8 29. a3 Qc3 30. R4e2 Qa5 31. Ne4 Ng6 32. Nxc5 Rc6 33. b4 Qc7 34. g3 Be7 35. Be3 Rd8 36. Qg4 Kh8 37. Qf5 Bf6 38. f3 Ne7 39. Qg4 Nd5 40. Bf2 Nc3 41. Rd2 Bg5 42. Be3 Rg6 43. Bxg5 Rxg5 44. Qh4 Rd4 45. Ne4 f5 46. f4 Nxe4 47. Rxe4 fxe4 0-1

[Event "SVK-chT4 A21 1819"]
[Site "Slovakia"]
[Date "2018.12.16"]
[Round "5.1"]
[White "Pericka, Tomas"]
[Black "Nemeckay, Rastislav"]
[Result "1/2-1/2"]
[WhiteElo "1960"]
[BlackElo "1936"]
[PlyCount "24"]
[EventDate "2018.10.14"]
[EventType "team-tourn"]
[EventRounds "11"]
[EventCountry "SVK"]
[SourceTitle "CBM 189 Extra"]
[Source "ChessBase"]
[SourceDate "2019.06.03"]
[SourceVersion "1"]
[SourceVersionDate "2019.06.03"]
[SourceQuality "1"]
[WhiteTeam "Brezova pod Bradlom"]
[BlackTeam "Stefanov"]
[WhiteTeamCountry "SVK"]
[BlackTeamCountry "SVK"]

1. e4 e5 2. Nf3 Nf6 3. Nxe5 d6 4. Nf3 Nxe4 5. d4 d5 6. Bd3 Nc6 7. 0-0 Be7 8. Re1 Bg4 9. c4 Nf6 10. cxd5 Nxd5 11. Nc3 0-0 12. h3 Be6 1/2-1/2

[Event "SVK-chT5 SE-SI 1819"]
[Site "Slovakia"]
[Date "2018.11.03"]
[Round "2.1"]
[White "Nemeckay, Rastislav"]
[Black "Kanka, Tomas"]
[Result "1-0"]
[WhiteElo "1936"]
[BlackElo "1701"]
[PlyCount "51"]
[EventDate "2018.10.20"]
[EventType "team-tourn"]
[EventRounds "10"]
[EventCountry "SVK"]
[SourceTitle "CBM 189 Extra"]
[Source "ChessBase"]
[SourceDate "2019.06.03"]
[SourceVersion "1"]
[SourceVersionDate "2019.06.03"]
[SourceQuality "1"]
[WhiteTeam "Borsky Mikulas"]
[BlackTeam "Gbely Nafta IV"]
[WhiteTeamCountry "SVK"]
[BlackTeamCountry "SVK"]

1. e4 c5 2. Nf3 Nc6 3. Bb5 Qc7 4. c3 e5 5. 0-0 Nge7 6. d4 cxd4 7. cxd4 exd4 8. Nxd4 g6 9. Be3 Bg7 10. Nc3 0-0 11. Rc1 a6 12. Ba4 b5 13. Bb3 Bb7 14. Nd5 Qe5 15. Nxe7+ Qxe7 16. Nxc6 Bxc6 17. Bc5 Qxe4 18. f3 Qh4 19. Bxf8 Be5 20. f4 Bxf4 21. Rxf4 Qxf4 22. Bd6 Qe3+ 23. Kh1 Re8 24. Qf1 Kh8 25. Qf6+ Kg8 26. Bxf7# 1-0

[Event "SVK-chT4 A21 1819"]
[Site "Slovakia"]
[Date "2018.10.14"]
[Round "1.1"]
[White "Zlamal, Marek"]
[Black "Nemeckay, Rastislav"]
[Result "1/2-1/2"]
[WhiteElo "1868"]
[BlackElo "1936"]
[PlyCount "39"]
[EventDate "2018.10.14"]
[EventType "team-tourn"]
[EventRounds "11"]
[EventCountry "SVK"]
[SourceTitle "CBM 189 Extra"]
[Source "ChessBase"]
[SourceDate "2019.06.03"]
[SourceVersion "1"]
[SourceVersionDate "2019.06.03"]
[SourceQuality "1"]
[WhiteTeam "Holic II"]
[BlackTeam "Stefanov"]
[WhiteTeamCountry "SVK"]
[BlackTeamCountry "SVK"]

1. e4 e5 2. Nf3 Nc6 3. Bb5 Nge7 4. Nc3 g6 5. d3 Bg7 6. Bg5 h6 7. Be3 0-0 8. 0-0 d6 9. h3 f5 10. exf5 Nxf5 11. Ne2 Kh7 12. c4 Qf6 13. Nd2 Bd7 14. Ne4 Qf7 15. N4g3 Nxg3 16. Nxg3 a6 17. Ba4 Nd8 18. f4 Qe8 19. Bxd7 Qxd7 20. Qd2 1/2-1/2

[Event "SVK-chT3A2 1718"]
[Site "Slovakia"]
[Date "2018.02.18"]
[Round "9.6"]
[White "Brunovsky, Peter"]
[Black "Nemeckay, Rastislav"]
[Result "0-1"]
[WhiteElo "1853"]
[BlackElo "1975"]
[PlyCount "80"]
[EventDate "2017.10.08"]
[EventType "team-tourn"]
[EventRounds "11"]
[EventCountry "SVK"]
[SourceTitle "EXT 2020"]
[Source "ChessBase"]
[SourceDate "2019.10.17"]
[SourceVersion "1"]
[SourceVersionDate "2019.10.17"]
[SourceQuality "1"]
[WhiteTeam "Gbely Nafta II"]
[BlackTeam "Senica CVC"]
[WhiteTeamCountry "SVK"]
[BlackTeamCountry "SVK"]

1. d4 d5 2. Bf4 Bf5 3. e3 e6 4. Bd3 Bxd3 5. Qxd3 c6 6. Nd2 Nf6 7. Ngf3 Bd6 8. Bg3 Bxg3 9. hxg3 Nbd7 10. Ne5 Qe7 11. Nxd7 Kxd7 12. c3 Kc7 13. c4 Qb4 14. a3 dxc4 15. Qc2 Qa5 16. Qxc4 Ne4 17. Qc2 Qxd2+ 18. Qxd2 Nxd2 19. Kxd2 Rad8 20. Kc3 h6 21. g4 Rhe8 22. Rh5 Rd5 23. f4 f6 24. Rxd5 exd5 25. Kd3 Kd6 26. Rh1 Ke6 27. Rh5 Kf7 28. b4 Rd8 29. Rh1 Ke6 30. Rh5 a5 31. g5 hxg5 32. fxg5 axb4 33. axb4 Ra8 34. b5 f5 35. bxc6 bxc6 36. Rh7 Kf7 37. Rh3 Kg6 38. Rg3 Ra3+ 39. Ke2 f4 40. Kd2 fxg3 0-1